Central Library OPAC University of Rajshahi

Introduction to the theory of partial differential equations / (Record no. 7114)

MARC details
000 -LEADER
fixed length control field 00755nam a2200241 a 4500
001 - CONTROL NUMBER
control field 7114
003 - CONTROL NUMBER IDENTIFIER
rucl marc code BD-RjUL
005 - DATE AND TIME OF LATEST TRANSACTION
control field 20211208234351.0
008 - FIXED-LENGTH DATA ELEMENTS--GENERAL INFORMATION
fixed length control field 160922s1967 njua 001 0 eng
035 ## - SYSTEM CONTROL NUMBER
System control number (BD-RjUL)7156
040 ## - CATALOGING SOURCE
Original cataloging agency DLC
Transcribing agency DLC
Modifying agency DLC
-- BD-RjUL
Language of cataloging eng
041 ## - LANGUAGE CODE
Language code of text/sound track or separate title eng
082 00 - DEWEY DECIMAL CLASSIFICATION NUMBER
Classification number 515.353
Author mark and year SMI 1967
Edition number 23
100 1# - MAIN ENTRY--PERSONAL NAME
Personal name Smith, M. G.
Fuller form of name (Michael Gambier)
9 (RLIN) 22276
245 10 - TITLE STATEMENT
Title Introduction to the theory of partial differential equations /
Statement of responsibility, etc. M. G. Smith.
260 ## - PUBLICATION, DISTRIBUTION, ETC. (IMPRINT)
Place of publication, distribution, etc. London ;
-- Princeton, N.J. :
Name of publisher, distributor, etc. Van Nostrand ,
Date of publication, distribution, etc. c1967
300 ## - PHYSICAL DESCRIPTION
Pagination x, 214 p. :
Illustrations ill. ;
Size 23 cm.
490 0# - SERIES STATEMENT
Series statement The New University mathematics series
500 ## - GENERAL NOTE
General note Includes index.
650 #0 - SUBJECT ADDED ENTRY--TOPICAL TERM
Topical term or geographic name as entry element Differential equations, Partial.
9 (RLIN) 22277
942 ## - ADDED ENTRY ELEMENTS (KOHA)
Source of classification or shelving scheme Dewey Decimal Classification
Koha item type Books
Holdings
Lost status Source of classification or shelving scheme Damaged status Not for loan Collection code Permanent Location Current Location Shelving location Date acquired Source of acquisition Cost, normal purchase price Total Checkouts Full call number Date last seen Copy number Koha item type
  Dewey Decimal Classification     Non-fiction Central Library, University of Rajshahi Central Library, University of Rajshahi   28/12/1968 Zeitlinger 50.00   515.353 SMI 1967 13/01/2014 C-2 Books